000 00313nam a2200121Ia 4500
008 190216s9999||||xx |||||||||||||| ||und||
100 _aKumbar Kanak Simh Rab
245 0 _aHindi-Dharohar Bharath Thatha Ka Samanya Njaan
260 _bPink City Publishers
_c2010
300 _a422
650 _aHindi
942 _cBK
999 _c16891
_d16891